00432nam a2200181Ia 4500003000400000005001700004008004100021040000700062041000800069082001900077100002500096245003900121260004200160300000700202365001300209650000800222650002000230OSt20230602120855.0210423s2003 xx 000 0 und d cAL aeng a340 223bPULP aPULIANI (Sathpal),Ed aPersons with disabilities act 1995 aBangalorebJournal Publicationsc2003 bPB b100cINR aLaw aSocial Sciences